000 00681nam a22002177a 4500
005 20240530110436.0
008 150301s2011 ua g 000 1 ara d
017 _a2010/20762
_bمصر . دار الكتب المصرية
020 _a9789772088770
040 _aEG-CaGPL
041 0 _aara
082 0 4 _221
_a813.03\
_bم ت
100 0 _aمحمد السمادونى
245 1 0 _aتجربة خارج الجسد /
_cمحمد السمادونى
250 _aط1
260 _aالقاهرة :
_bمكتبة مدبولى ،
_c2011
300 _a111 ص ؛
_c20 سم
650 0 4 _aالقصص العربية
942 _2ddc
_cBK
999 _c60960
_d60960